Central Library OPAC University of Rajshahi

বাংলাদেশের পাঠ্যপুুস্তকের অলঙ্করণ ও অঙ্গসজ্জা (১৯৯৭১ -২০০৬) = Textbook Illustration and Design of Bangladesh (1971-2006) / (Record no. 79596)

MARC details
000 -LEADER
fixed length control field 01920nam a22002777a 4500
001 - CONTROL NUMBER
RUCL Control Number 79310
003 - CONTROL NUMBER IDENTIFIER
rucl marc code BD-RjUL
005 - DATE AND TIME OF LATEST TRANSACTION
control field 20220322143309.0
008 - FIXED-LENGTH DATA ELEMENTS--GENERAL INFORMATION
fixed length control field 220322s2013 bg a|||| m||| 00| 0 ben d
035 ## - SYSTEM CONTROL NUMBER
system control number (BD-RjUL)79310
040 ## - CATALOGING SOURCE
Original cataloging agency BD-RjUL
Language of cataloging ben / eng
Transcribing agency BD-RjUL
Modifying agency BD-RjUL
041 ## - LANGUAGE CODE
Language code of Book ben
082 ## - DEWEY DECIMAL CLASSIFICATION NUMBER
Classification number 741.64095492
Author mark and Year QUS 2013
DDC Edition number 23
100 ## - MAIN ENTRY--PERSONAL NAME
Personal name সুতার, সুভাষ চন্দ্র
9 (RLIN) 1004
245 10 - TITLE STATEMENT
Title বাংলাদেশের পাঠ্যপুুস্তকের অলঙ্করণ ও অঙ্গসজ্জা (১৯৯৭১ -২০০৬) = Textbook Illustration and Design of Bangladesh (1971-2006) /
Statement of responsibility, etc সুভাষ চন্দ্র সুতার ;
Name of Supervisor/Co-Supervisor গবেষণা - তত্ত্বাবধায়ক: আবু তাহের, স্বরোচিষ সরকার
246 ## - VARYING FORM OF TITLE
Title proper/short title Textbook Illustration and Design of Bangladesh (1971-2006)
260 ## - PUBLICATION, DISTRIBUTION, ETC. (IMPRINT)
Place of publication, distribution, etc রাজশাহী :
Name of publisher, distributor, etc চারুকলা বিভাগ, রাজশাহী বিশ্ববিদ্য্যলয়,
Date of publication, distribution, etc ২০১১
300 ## - PHYSICAL DESCRIPTION
Pagination [৭], [ক]-ণ, ৪৪৭ পাতা :
Other physical details চিএ ;
Dimensions ৩০ সেমি.
502 ## - DISSERTATION NOTE
Dissertation note থিসিস (পিএইচ. ডি.) -- চারুকলা বিভাগ, রাজশাহী বিশ্ববিদ্য্যলয়, ২০১১,
504 ## - BIBLIOGRAPHY, ETC. NOTE
Bibliography, etc গ্রন্থপঞ্জি : পাতা [৪৪৫] - ৪৪৭
650 ## - SUBJECT ADDED ENTRY--TOPICAL TERM
Topical term or geographic name as entry element বইয়ের প্রচ্ছদ
Geographic subdivision বাংলাদেশ
General subdivision ইতিহাস
Chronological subdivision ১৯৯৭১ -২০০৬
9 (RLIN) 1954
Topical term or geographic name as entry element Book covers
Geographic subdivision Bangladesh
General subdivision History
Chronological subdivision 1971-2006
9 (RLIN) 1955
700 ## - ADDED ENTRY--SUPERVISOR/CO-SUPERVISOR NAME
Personal name তাহের, আবু, গবেষণা - তত্ত্বাবধায়ক
9 (RLIN) 1007
Personal name সরকার, স্বরোচিষ, যুগ্ম গবেষণা - তত্ত্বাবধায়ক
9 (RLIN) 1008
942 ## - ADDED ENTRY ELEMENTS (KOHA)
Source of classification or shelving scheme Dewey Decimal Classification
Koha item type Theses

No items available.